000 00576nam a2200169Ia 4500
008 090711s9999 xx 000 0 und d
082 _b7346
100 _aबेडेकर मालतीबाई
245 _aहादरलेलं घर
260 _bकॉन्टिनेन्टल प्रकाशन
_c1957
300 _a35
600 _aबेडेकर मालतीबाई
630 _aहादरलेलं घर
700 _aबेडेकर मालतीबाई
730 _aहादरलेलं घर
942 _cBOOK
999 _c302964
_d302964